书目信息 |
| 题名: |
估值
|
|
| 作者: | 达莫达兰 著 ;李必龙 , 李羿 , 郭海 译 | |
| 分册: | ||
| 出版信息: | 北京 机械工业出版社 2013.5 |
|
| 页数: | XII, 448页 | |
| 开本: | 26cm | |
| 丛书名: | ||
| 单 册: | ||
| 中图分类: | F714.1 | |
| 科图分类: | ||
| 主题词: | 估价--Gu Jia | |
| 电子资源: | ||
| ISBN: | 978-7-111-42339-3 | |
| 000 | 01390nam0 22003131 450 | |
| 001 | 351008 | |
| 005 | 20161011170123.48 | |
| 010 | @a978-7-111-42339-3@dCNY99.00 | |
| 100 | @a20130603e20152013em y0chiy50 ea | |
| 101 | 1 | @achi@ceng |
| 102 | @aCN@b110000 | |
| 105 | @aa z 000yy | |
| 106 | @ar | |
| 200 | 1 | @a估值@AGu Zhi@e难点、解决方案及相关案例@f(美) 埃斯瓦斯·达莫达兰著@dThe dark side of valuation@evaluing young, distressed, and complex businesses@fAswath Damodaran@g李必龙, 李羿, 郭海等译@zeng |
| 210 | @a北京@c机械工业出版社@d2013.5@h2015.1(重印) | |
| 215 | @aXII, 448页@c图@d26cm | |
| 305 | @a据原书第2版译出 | |
| 306 | @a由Pearson Education (培生教育出版集团) 授权出版 | |
| 330 | @a作者在第1版的基础上对《估值:难点、解决方案及相关案例》进行了彻底的更新,把范围拓展到所有难以估值的公司,包括技术型、人力资本型、大宗商品型和周期性公司,涵盖了公司的整个生命周期,包括初创期、成长期、成熟期、衰落期。 | |
| 510 | 1 | @aDark side of valuation@evaluing young, distressed, and complex businesses@zeng |
| 517 | 1 | @a难点、解决方案及相关案例@ANan Dian Jie Jue Fang An Ji Xiang Guan An Li |
| 606 | 0 | @a估价@AGu Jia |
| 690 | @aF714.1@v5 | |
| 701 | 1 | @a达莫达兰@ADa Mo Da Lan@g(Damodaran, Aswath)@4著 |
| 702 | 0 | @a李必龙@ALi Bi Long@4译 |
| 702 | 0 | @a李羿@ALi Yi@4译 |
| 702 | 0 | @a郭海@AGuo Hai@4译 |
| 801 | 0 | @aCN@bTANGWEI@c20160811 |
| 905 | @b0892747-50@dF714.1@e841@f4 | |
| 估值:难点、解决方案及相关案例/(美) 埃斯瓦斯·达莫达兰著=The dark side of valuation:valuing young, distressed, and complex businesses/Aswath Damodaran/李必龙, 李羿, 郭海等译.-北京:机械工业出版社,2013.5(2015.1(重印)) |
| XII, 448页:图;26cm |
| ISBN 978-7-111-42339-3:CNY99.00 |
| 作者在第1版的基础上对《估值:难点、解决方案及相关案例》进行了彻底的更新,把范围拓展到所有难以估值的公司,包括技术型、人力资本型、大宗商品型和周期性公司,涵盖了公司的整个生命周期,包括初创期、成长期、成熟期、衰落期。 |
| ● |
| 相关链接 |
|
|
|
|
正题名:估值
索取号:F714.1/841
 
预约/预借
| 序号 | 登录号 | 条形码 | 馆藏地/架位号 | 状态 | 备注 |
| 1 | 0892747 | 208927474 | 第一样本阅览室/ [索取号:F714.1/841] | 在馆 | |
| 2 | 0892748 | 208927483 | 密集书库-海洋学院/ [索取号:F714.1/841] | 在馆 | |
| 3 | 0892749 | 208927492 | 第一借阅区/ [索取号:F714.1/841] | 在馆 | |
| 4 | 0892750 | 208927508 | 第一借阅区/ [索取号:F714.1/841] | 在馆 |